000 00708nam a2200289Ia 4500
005 20260324113759.0
008 008 260324s9999 xx 000 0 eng d
020 _a9781003456100
037 _aEBOOK
040 _aCRL
040 _beng
040 _cCRL
041 _2eng
041 _aeng
084 _qCRL
100 _aJoachim Frank
_91148144
245 0 _aNovel Developments in Cryo‐EM of Biological Molecules
245 0 _bResolution in Time and State Space
260 _bTaylor and Francis
260 _c2023
365 _a
365 _b560
856 _uhttp://www.taylorfrancis.com/books/9781003456100
942 _cEBOOK
999 _c1737974
_d1737974